| 000 | 01249nab a22002417a 4500 | ||
|---|---|---|---|
| 999 |
_c5588 _d5588 |
||
| 003 | OSt | ||
| 005 | 20251219120442.0 | ||
| 008 | 190429b xxu||||| |||| 00| 0 spa d | ||
| 040 | _cPJ | ||
| 100 |
_96565 _aCrisafulli, Lucas |
||
| 245 | 1 | 0 |
_aDiez claves sobre los sistemas democráticos de control disciplinario de las fuerzas de seguridad / _cLucas Crisafulli. |
| 260 |
_cCiudad Autónoma de Buenos Aires : _aThomson Reuters La Ley, _b2025. |
||
| 300 | _ap. 31-41 | ||
| 500 | _aCita: AR/DOC/1341/2025. | ||
| 505 | _aSumario: I. Introducción.— II. Modelo.— III. Ubicación institucional.— IV. Regulación.— V. Destinatarios.— VI. Control patrimonial.— VII. Vinculación con el cumplimiento de los protocolos.— VIII. Sanciones.— IX. Vinculación con el proceso penal.— X. Sistema acusatorio. | ||
| 505 | _tSi te interesa el texto completo, solicitalo a koha@justierradelfuego.gov.ar | ||
| 650 | 0 |
_9343 _aDERECHO PENAL |
|
| 650 | 0 |
_94026 _aFUERZAS DE SEGURIDAD |
|
| 650 | 0 |
_96566 _aREGIMEN DISCIPLINARIO |
|
| 650 | 0 |
_92589 _aPOLITICA CRIMINAL |
|
| 773 | 0 |
_02658 _93164 _tRevista de derecho penal y criminología. Nº 6 - Julio 2025 _dCiudad Autónoma de Buenos Aires : Thomson Reuters La Ley, 2017- _x00347914 |
|
| 942 |
_2udc _cANA |
||